1848 1569 1101 1795 1431 1401 1426 1389 1960 1498 1760 1429 1313 1451 1630 1014 1980 1997 1628 1419 1217 1610 1189 1530 1067 1668 1620 1300 1021 1800 1164 1129 1397 1225 1918 1084 1465 1779 1694 1804 1337 1588 1569 1891 1639 1242 1504 1948 1498 1926 1817 1551 1706 1936 1639 1161 1210 1934 1638 1370 1514 1080 1984 1919 1199 1898 1855 1297 1780 1961 1972 1395 1873 1962 1153 1787 1945 1685 1895 1410 1447 1110 1758 1864 1642 1957 1947 1796 1681 1328 1089 1501 1984 1962 1790 1973 1680 1539 1492 BCNSPRNW ULIB Ver.6.0+V

เปลี่ยนเป็นภาษาไทย

Change to English
 แสดงรายละเอียดบรรณานุกรม
  กลับหน้าหลัก

Brief Record : Get Marc (ISO 2709) : E-mail record : QR code < ปิดหน้าต่าง
LEADER : 00000nam 2200000uu 4500
001    13399114732
003     ULIB
008    120110s2551||||th 000 0 tha d
099    วจ.LB1028^bช616ก
100 0  ชุติพร จริตงาม
245 00 การศึกษาเปรียบเทียบผลสัมฤทธิ์ทางการเรียน เรื่องระบบไหลเวียนระหว่างการเรียนแบบบรรยาย การเรียนบนเว็บ และการเรียนแบบบรรยายร่วมกับการเรียนบนเว็บของนักศึกษาพยาบาล วิทยาลัยพยาบาลบรมราชชนนี สวรรค์ประชารักษ์ นครสวรรค์/^cชุติพร จริตงาม และจิราจันทร์ คณฑา
260    นครสวรรค์ :^bวิทยาลัยพยาบาลบรมราชชนนี สวรรค์ประชารักษ์ นครสวรรค์,^c2551
300    106 หน้า
650  7 การเรียนแบบบรรยาย^xวิจัย
650  7 การเรียนบนเว็บ^xวิจัย
700 0  จิราจันทร์ คณฑา
710 1  วิทยาลัยพยาบาลบรมราชชนนี สวรรค์ประชารักษ์ นครสวรรค์
945    ^p0^l0^i026550
995    ทศพร
999 ^a ทศพร
รายการนี้ยังไม่มีแท็ก
คุณยังไม่ได้ล็อกอิน คุณสามารถมีกิจกรรมร่วมกับเว็บไซต์ได้ แต่ต้องล็อกอินก่อน ::
  ล็อกอิน

รายการสื่อสารสนเทศ

ลำดับที่ ประเภท เลขเรียก/บาร์โค้ด สถานที่ สถานะ
1. งานวิจัย
งานวิจัย
วจ.LB1028 ช616ก ฉ.1 
  Barcode: 026550
ห้องสมุดวิทยาเขตสวรรค์ประชารักษ์
►วิจัย
บนชั้น

รายการใกล้เคียง
    ผู้แต่ง [ชุติพร จริตงาม]

BibComment


ยังไม่เคยถูกคอมเมนท์

คอมเมนท์ทรัพยากรรายการนี้
  คอมเมนท์: การศึกษาเปรียบเที..


 Copyright 2026. Bcnsprnw @Library